[Event "Sukhumi op"]
[Site "Sukhumi"]
[Date "2008.08.12"]
[Round "9"]
[White "Khudjakov, Sergey"]
[Black "Eraschenkov, Denis"]
[Result "0-1"]
[WhiteElo "2212"]
[BlackElo "2402"]
[PlyCount "79"]
[EventDate "2008.08.03"]
[EventType "swiss"]
[EventRounds "9"]
[EventCountry "GEO"]
[SourceTitle "CBM 126 Extra"]
[Source "ChessBase"]
[SourceDate "2008.11.05"]
[SourceVersion "1"]
[SourceVersionDate "2008.11.05"]
[SourceQuality "1"]

1. d4 Nf6 2. c4 c5 3. d5 b5 4. cxb5 a6 5. bxa6 Bxa6 6. Nc3 g6 7. f4 Bg7 8. Nf3 0-0 9. e4 Bxf1 10. Rxf1 d6 11. Kf2 Na6 12. Kg1 Qb6 13. e5 Ne8 14. Qe2 Nb4 15. Ng5 Qa6 16. Qxa6 Rxa6 17. Nf3 Nc7 18. Rd1 Rb8 19. a3 Nb5 20. Nxb5 Rxb5 21. Rb1 Na2 22. Be3 Rb3 23. Bf2 Ra4 24. Nd2 Rb8 25. Bg3 Rb5 26. Re1 f5 27. Nf3 Ra8 28. Nd2 Ra4 29. Nf3 Rb8 30. Nd2 c4 31. exd6 exd6 32. Re7 Bxb2 33. Rc7 c3 34. Nf3 Nc1 35. Rxc1 Bxc1 36. Rxc3 Bxa3 37. Ng5 Bb2 38. Rc7 Ra5 39. Nxh7 Rxd5 40. Ng5 0-1

[Event "Volgodonsk op"]
[Site "Volgodonsk"]
[Date "2007.07.23"]
[Round "5"]
[White "Khudjakov, Sergey"]
[Black "Ivanov, Andrew"]
[Result "0-1"]
[WhiteElo "2216"]
[BlackElo "2308"]
[PlyCount "84"]
[EventDate "2007.07.19"]
[EventType "swiss"]
[EventRounds "9"]
[EventCountry "RUS"]
[SourceTitle "EXT 2010"]
[Source "ChessBase"]
[SourceDate "2010.11.25"]
[SourceVersion "1"]
[SourceVersionDate "2010.11.25"]
[SourceQuality "1"]

1. d4 e6 2. Nf3 b6 3. e4 Bb7 4. Bd3 c5 5. c3 Nf6 6. Nbd2 Nc6 7. a3 Be7 8. 0-0 0-0 9. Re1 Rc8 10. Qe2 d6 11. b4 e5 12. b5 Na5 13. dxe5 dxe5 14. Nxe5 Re8 15. Nec4 Nxc4 16. Nxc4 Bf8 17. f3 g6 18. Bg5 h6 19. Bh4 g5 20. Bg3 Nh5 21. Ne3 Qf6 22. Qc2 c4 23. Bxc4 Bc5 24. Qb3 Nxg3 25. hxg3 Bxe4 26. Kh2 Bxf3 27. Rf1 Rxe3 28. Rxf3 Rxf3 29. gxf3 Re8 30. Qd1 Re3 31. Kg2 Rxc3 32. Rc1 Rxa3 33. Qd5 Kg7 34. Re1 Rc3 35. Re2 Rc1 36. Ra2 h5 37. Kh3 Rh1+ 38. Kg2 Rg1+ 39. Kh2 h4 40. Rg2 hxg3+ 41. Rxg3 Qh6+ 42. Rh3 Rh1+ 0-1